Statistics for Largest Producers of Major Resources

Click here to take the quiz!

General Stats

  • This quiz has been taken 162 times
    (118 since last reset)
  • The average score is 36 of 40

Answer Stats

% Correct
United States
100%
Brazil
100%
Saudi Arabia
98%
China
98%
Canada
97%
Russia
95%
Iran
93%
India
90%
Iraq
89%
Japan
89%
Indonesia
89%
Australia
87%
Germany
85%
France
84%
Thailand
74%
Italy
72%
Pakistan
69%
Malaysia
67%
United Arab Emirates
43%

Score Distribution

Percentile by Number Answered

Percent of People with Each Score

Your Score History

You have not taken this quiz since the last reset